[Event "Lozovatsky Memorial-B 2019"]
[Site "Chelyabinsk"]
[Date "2019.01.15"]
[Round "4.7"]
[White "Sitnikov, Anton"]
[Black "Mischuk, Dmitry"]
[Result "1-0"]
[WhiteElo "2410"]
[BlackElo "2357"]
[Annotator "TA"]
[PlyCount "133"]
[EventDate "2019.01.12"]
[EventType "tourn"]
[EventCountry "RUS"]
[SourceTitle "playchess.com"]
[Source "ChessBase"]
[SourceQuality "1"]

{[%evp 16,133,25,20,32,20,19,8,35,20,55,47,58,35,53,14,13,17,42,24,84,83,87,29,22,16,22,0,0,0,44,60,70,66,57,59,60,71,64,54,66,54,68,56,97,96,108,119,182,166,161,66,138,69,75,69,70,52,54,59,88,44,42,29,34,26,41,38,40,41,115,59,231,204,257,249,236,225,254,254,254,250,312,300,323,319,295,302,333,319,296,212,338,156,127,139,241,208,180,97,370,57,57,0,369,347,388,381,355,205,878,878,870,870,863,858,854,835,764,719]} 1. e4 e5 2. Nf3 Nf6 3. d3 Nc6 4. Be2 d5 5. Nbd2 g6 6. c3 {C44: Ponziani Opening and Scotch Gambit} Bg7 7. b4 a6 8. O-O O-O 9. Re1 {LiveBook: 4 Games} Re8 10. a4 $146 ({Predecessor:} 10. Rb1 b6 11. Bf1 Bb7 12. Qc2 Qd7 13. a3 Rad8 {½-½ (47) Slobodjan,R (2561)-Kutuzovic,B (2432) Pula 2000}) 10... Bg4 11. Qc2 h6 12. Nb3 Nh5 13. h3 Bc8 14. exd5 Qxd5 15. Bf1 b6 16. a5 Be6 17. Ra3 Red8 (17... Qd6 $11 {remains equal.}) 18. Be3 Qd6 19. axb6 (19. Nfd2 $16) 19... cxb6 $11 20. Qc1 a5 21. Bxb6 {[%mdl 64] Double Attack} axb4 22. Bc5 Qb8 (22... Rxa3 {with more complications.} 23. Bxd6 Rxd6 24. Nfd2 Rxb3 25. Nxb3 Bxb3 26. cxb4 Nf4) 23. cxb4 Nxb4 {Hoping for ...Rxa3.} 24. Rxa8 {[%mdl 64] Overworked Piece} Qxa8 25. Bxb4 {aiming for Nc5.} Bxb3 26. Nxe5 Bd5 27. Bc3 Nf6 28. Nc4 {[%cal Be5c4,Bc4e3,Be3g4][%mdl 32]} Qc6 29. Qb2 Rc8 30. Bd4 Rd8 31. Ne3 Kh7 (31... h5 $16 {keeps fighting.} 32. Nxd5 Rxd5) 32. Ng4 $1 $18 Rd6 33. Be5 (33. Rc1 $18 Qa6 34. Ra1) 33... Re6 (33... Qb6 $14) 34. Rc1 (34. Ne3 $16) 34... Qb6 $1 $14 35. Qxb6 Rxb6 36. Ne3 {Strongly threatening Bxf6.} Be6 37. d4 Nd5 38. Nc4 Rc6 39. Bxg7 Kxg7 40. Ra1 Nb4 41. Ne3 Rd6 42. Rd1 f5 {[#]} ({Black should play} 42... Nd5 $14) 43. g3 (43. d5 $1 $16 {[%cal Rd5e6][%mdl 512]} Bf7 (43... Nxd5 44. Bc4) 44. g3) 43... g5 $2 {[#]} ({Black should try} 43... Nd5 $14) 44. d5 $1 $18 {[%cal Rd5e6][%mdl 512]} Bd7 {intending ...f4.} (44... Nxd5 45. Bg2) 45. Rb1 Rb6 46. Nc4 Rb8 47. Ne5 Ba4 48. Ra1 Kf6 49. f4 ({Worse is} 49. Rxa4 Kxe5 50. Ra5 Rd8 $11) 49... Be8 50. d6 Rd8 51. Rd1 $1 gxf4 52. gxf4 Bd7 53. Bc4 Be6 (53... Nc6 {might work better.}) 54. Kf2 (54. Rb1 $18) 54... Bxc4 $16 55. Nxc4 {[%mdl 4096] Endgame Threatens to win with Ne5. KRN-KRN} Nc6 (55... Ke6 $16 56. Kf3 Nc6) 56. d7 Ke7 57. Nb6 (57. Nd6 $1 $18) 57... Nb8 $2 {[%mdl 8192]} (57... Rb8 $16) 58. Nc8+ $2 ({White must play} 58. Kg3 $1 $18) 58... Kf8 $14 59. Nb6 $2 {[%mdl 8192]} (59. Nd6 $14) 59... Ke7 $1 $18 {[%cal Rb8d7] [#]} 60. Kg3 $1 Rg8+ {[#]} 61. Kh4 $1 Nc6 62. Rc1 (62. Nc8+ $142 Kd8 63. Nd6) 62... Kd6 $2 (62... Nd8 63. Nd5+ Kd6) 63. Nc8+ {White is clearly winning.} Kxd7 {[#]} 64. Rxc6 $1 {[%mdl 512]} Rg1 (64... Kxc6 65. Ne7+) 65. Rc4 Rb1 66. Kh5 Ke6 67. Rd4 {Accuracy: White = 61%, Black = 33%.} 1-0

[Event "Lozovatsky Memorial-B 2019"]
[Site "Chelyabinsk"]
[Date "2019.01.15"]
[Round "4.8"]
[White "Kholopov, Alexander A."]
[Black "Nugumanov, Bakhtiyar"]
[Result "0-1"]
[WhiteElo "2211"]
[BlackElo "2391"]
[Annotator "TA"]
[PlyCount "48"]
[EventDate "2019.01.12"]
[EventType "tourn"]
[EventCountry "RUS"]
[SourceTitle "playchess.com"]
[Source "ChessBase"]
[SourceQuality "1"]

{[%evp 20,48,64,66,70,27,14,19,54,52,55,47,52,56,41,20,51,0,18,0,18,-7,55,55,82,85,116,58,52,-29998,-29999]} 1. d4 e6 2. c4 f5 3. g3 Nf6 4. Bg2 c6 5. Nf3 d5 6. O-O Bd6 7. Nc3 O-O 8. Qc2 Ne4 9. Rb1 Qe7 10. b4 {A90: Dutch Defence: Miscellaneous and Modern Stonewall (with ...Bd6)} Nxc3 (10... b5 11. cxb5 Nxc3 12. Qxc3 cxb5 13. Bf4 Bxf4 14. gxf4 Bd7 15. Qc5 Qxc5 16. bxc5 a5 17. a3 Rc8 {½-½ (58) Edouard,R (2647)-Fressinet,L (2677) Agen 2016}) 11. Qxc3 {LiveBook: 3 Games} Nd7 $146 ({Predecessor:} 11... b5 12. Bg5 Qe8 13. cxb5 cxb5 14. Rfc1 Bb7 15. Bf4 Bxf4 16. gxf4 Na6 17. Ne5 Rc8 18. Qd2 Qe7 19. a3 Rxc1+ 20. Rxc1 Rc8 21. Rxc8+ Bxc8 {0-1 (60) Gordievsky,D (2422)-Pridorozhni,A (2541) Khanty-Mansiysk 2012}) 12. Bf4 {White is slightly better.} Bxf4 13. gxf4 Nf6 14. Ne5 Bd7 15. a4 Be8 16. Rfc1 a6 17. Qd3 Ne4 18. f3 (18. Bxe4 $14 fxe4 19. Qg3) 18... Nf6 19. Kh1 Kh8 20. Rg1 Nh5 (20... dxc4 $11 21. Qxc4 Nd5) 21. e3 $14 Qh4 {[%csl Gh4][%cal Rh5g3] [#]} 22. Bf1 $1 Rf6 23. Rb2 ({White should try} 23. Qc2 $16) 23... Rh6 $1 24. Rbg2 $2 {[%mdl 8192] [#]} (24. cxd5 $14 cxd5 25. Rgg2) 24... Ng3+ $1 {[%mdl 512] Precision: White = 30%, Black = 39%.} 0-1

[Event "Lozovatsky Memorial-B 2019"]
[Site "Chelyabinsk"]
[Date "2019.01.15"]
[Round "4.9"]
[White "Dauletova, Gulmira"]
[Black "Remizov, Yaroslav"]
[Result "1-0"]
[WhiteElo "2240"]
[BlackElo "2357"]
[Annotator "TA"]
[PlyCount "89"]
[EventDate "2019.01.12"]
[EventType "tourn"]
[EventCountry "RUS"]
[SourceTitle "playchess.com"]
[Source "ChessBase"]
[SourceQuality "1"]

{[%evp 30,89,31,43,41,41,41,34,33,33,26,26,35,14,30,6,6,6,8,8,18,10,29,32,89,92,98,64,57,50,62,50,67,65,184,197,188,193,206,181,282,269,351,325,554,587,587,587,580,571,551,553,541,506,753,752,726,701,653,618,551,475]} 1. e4 c5 2. Nf3 Nc6 3. d4 cxd4 4. Nxd4 Nf6 5. Nc3 e5 6. Ndb5 d6 7. Bg5 a6 8. Na3 b5 {[%cal Bb7b5,Bb5b4][%mdl 32]} 9. Nd5 Be7 10. Bxf6 Bxf6 11. c4 b4 {B33: Sicilian: Pelikan and Sveshnikov Variations} 12. Nc2 O-O 13. g3 Bg5 14. Bg2 Be6 (14... a5 15. O-O Ne7 16. Nce3 Bxe3 17. Nxe3 Be6 18. Rc1 Nc6 19. Nf5 {1-0 (54) Harikrishna,P (2744)-Yu,Y (2751) Huaian 2017}) 15. O-O Rb8 16. b3 {LiveBook: 22 Games} a5 {[#]} 17. Qd3 $146 ({Predecessor:} 17. Kh1 Qd7 18. Qd3 Bd8 19. Rad1 {½-½ (51) Ismagambetov,A (2553)-Meribanov,V (2386) St Petersburg 2017}) 17... Qd7 18. Rad1 Qa7 19. Kh1 Bd8 20. f4 f6 21. Nde3 Bc7 22. Nf5 Kh8 23. Qe2 Rbd8 24. Rd3 g6 25. Nfe3 Bb6 26. f5 $36 {[%mdl 2048] Black is under pressure.} Bf7 (26... Nd4 $14 27. Nxd4 exd4) 27. fxg6 $16 Bxg6 28. Qg4 Ne7 29. Qh4 Ng8 30. Nf5 Bc5 31. Nce3 Ne7 {[#]} ({Better is} 31... a4 $14) 32. Nxe7 $1 $18 Qxe7 33. Nd5 Qg7 34. Rdf3 (34. Rxf6 $6 Rd7 $16) (34. Nxf6 $6 Ra8 $16) 34... Rf7 (34... Rb8 $142 35. Bh3 (35. Nxf6 Rf7 $16) (35. Rxf6 Rxf6 36. Nxf6 Qe7 $16) 35... Be8 36. Nxf6 (36. Rxf6 Bc6 $18) 36... Bg6) 35. Bh3 ({Don't play} 35. Nxf6 $6 Ra8 $16) (35. Rxf6 Rxf6 36. Nxf6 (36. Qxf6 Qxf6 37. Rxf6 Kg7 $14) (36. Rxf6 Rf8 $16) 36... Rf8 $16) 35... Rdf8 36. Bf5 ({Inferior is} 36. Nxf6 d5 $17) (36. Rxf6 Rxf6 37. Nxf6 (37. Rxf6 Rxf6 38. Nxf6 Qf7 $11) 37... Bb6 $11) 36... a4 $2 {[#]} (36... Bxf5 37. Rxf5 h6 38. Nxf6 Qg6) 37. Bxg6 {White is clearly winning.} Qxg6 38. Rxf6 Rxf6 39. Rxf6 Rxf6 40. Qxf6+ ({Weaker is} 40. Nxf6 Qf7 $16) 40... Qxf6 41. Nxf6 axb3 42. axb3 {KB-KN} Kg7 43. Nd5 Kg6 44. Kg2 Kg5 45. Kf3 {Accuracy: White = 85%, Black = 36%.} 1-0

[Event "Lozovatsky Memorial-B 2019"]
[Site "Chelyabinsk"]
[Date "2019.01.15"]
[Round "4.10"]
[White "Radzhabov, Rodion"]
[Black "Frolov, Ivan"]
[Result "0-1"]
[WhiteElo "2329"]
[BlackElo "2210"]
[Annotator "TA"]
[PlyCount "94"]
[EventDate "2019.01.12"]
[EventType "tourn"]
[EventCountry "RUS"]
[SourceTitle "playchess.com"]
[Source "ChessBase"]
[SourceQuality "1"]

{[%evp 9,94,0,0,0,22,2,0,-29,0,0,28,20,17,0,-11,-24,-29,-47,-18,-18,-22,-43,-25,-48,-35,-183,-159,-169,-160,-137,-197,-162,-87,-99,-86,-172,-58,-62,-29,-118,-111,-106,-106,-136,-133,-146,-133,-135,-130,-163,-158,-246,-133,-140,-138,-210,-202,-225,-234,-343,-324,-336,-335,-834,-830,-786,-770,-808,-797,-745,-744,-962,-902,-1019,-937,-1858,-899,-1020,-1093,-1284,-1277,-1754,-1837,-1837,-1493,-1683,-1650]} 1. e4 c6 2. Nc3 d5 3. Qe2 (3. Nf3 Bg4 4. h3 Bxf3 5. Qxf3 e6 6. Qg3 Ne7 7. d3 Nd7 8. Be2 g6 9. O-O Bg7 10. Kh1 O-O 11. f4 Kh8 12. Bf3 b5 13. a3 a5 {1-0 (69) McShane,L (2672)-Rodshtein,M (2674) Batumi 2018}) 3... Nf6 4. e5 Nfd7 5. f4 e6 6. Nf3 {B11: Caro-Kann: Two Knights Variation} b5 $146 ({Predecessor:} 6... b6 7. g3 Bb4 8. Bh3 Ba6 9. d3 c5 10. O-O Bxc3 11. bxc3 {1-0 (26) Petenyi,T (2466)-Stajner,S (2321) Meissen 2013}) 7. d4 b4 8. Nd1 {The position is equal.} Ba6 9. Qf2 Qb6 10. Bxa6 Qxa6 11. Be3 Be7 12. Qg3 g6 13. h4 c5 14. h5 Rg8 15. hxg6 hxg6 16. Nf2 Nc6 17. Nd3 {[#]} (17. dxc5 $15 Bxc5 18. Bxc5 Nxc5 19. Qh4) 17... b3 $1 $19 {[%cal Rb3c2][%mdl 512]} 18. O-O (18. axb3 Qxa1+) 18... bxc2 19. Nxc5 Nxc5 20. dxc5 Qb5 (20... Rb8 $19 21. b3 Rb4) 21. Qf2 $17 Qxb2 22. Rac1 (22. Nd4 $17 Nb4 23. a3) 22... Qa3 (22... Nb4 $19 {aiming for ...Rc8.} 23. c6 Qxa2) 23. Rxc2 $15 Rb8 {[%cal Ba8b8,Bb8b4,Bb4e4][%mdl 32]} (23... Nb4 $5 {[%cal Rb4c2]} 24. Rd2 Nd3 $11) 24. Nd4 {[#]} (24. Qd2 $11) 24... Kd7 $1 $17 ({Stronger than} 24... Bxc5 25. Rxc5 Qxc5 26. Rc1 $16) 25. Rfc1 Rb4 26. Nb3 Rgb8 27. Rd1 a5 28. Qe2 Qa4 29. Bd2 Re4 30. Qf2 {[#]} (30. Qf3 $17) 30... Qb5 ({Better is} 30... g5 $1 $19 {[%cal Rg5f4][%mdl 512]} 31. g3 (31. fxg5 Rh8) 31... gxf4 32. Bxf4 Rg8) 31. Be3 Rc4 32. Rxc4 (32. Rdc1 $17) 32... Qxc4 $19 33. Rc1 Qd3 34. Nd4 (34. Qd2 {is a better defense.} Qxd2 35. Nxd2) 34... Nxd4 35. Bxd4 Kc6 36. g3 $2 (36. Kh2 Bh4 37. Qe3 Qxe3 38. Bxe3) 36... Rb4 {Black is clearly winning.} 37. Bb2 Rc4 ({Not} 37... Rxb2 38. Qxb2 Qxg3+ 39. Kf1 $17) 38. Kh2 Bxc5 39. Qg2 a4 40. a3 Kb5 41. Rxc4 Kxc4 42. Bc1 Bd4 (42... Qd1 $142 43. Bb2 Kb3) 43. Qa2+ Kb5 44. Qg2 Qd1 45. Bd2 Qh5+ 46. Qh3 Qxh3+ 47. Kxh3 Bc5 {Accuracy: White = 20%, Black = 61%.} 0-1

[Event "Lozovatsky Memorial-B 2019"]
[Site "Chelyabinsk"]
[Date "2019.01.16"]
[Round "5"]
[White "Nugumanov, Bakhtiyar"]
[Black "Dauletova, Gulmira"]
[Result "0-1"]
[WhiteElo "2391"]
[BlackElo "2240"]
[Annotator "TA"]
[PlyCount "144"]
[EventDate "2019.01.12"]
[EventType "tourn"]
[EventCountry "RUS"]
[SourceTitle "playchess.com"]
[Source "ChessBase"]
[SourceQuality "1"]

{[%evp 13,144,14,50,20,159,44,62,60,60,64,47,49,68,47,87,85,76,36,37,10,26,21,44,57,47,42,45,36,41,20,13,0,0,-24,-17,-12,-18,-18,-10,-10,-10,-10,-6,-18,-12,-25,0,-4,0,-29,0,-17,-4,-4,5,-8,37,9,12,0,12,0,0,0,11,-22,0,-25,0,0,0,-11,-32,-77,-82,-228,-229,-225,-213,-216,-209,-190,-62,-50,-62,-63,0,0,0,0,0,0,0,0,7,0,0,0,0,0,0,0,0,0,0,0,0,0,0,0,0,0,0,0,0,0,0,0,0,0,0,0,0,0,0,-33,-28,-619,-596,-706,-687,-29976,-29974]} 1. e4 c5 2. Nf3 e6 {[%cal Be7e6,Be6e5][%mdl 32]} 3. d4 cxd4 4. Nxd4 Nc6 5. Nb5 d6 6. Bf4 e5 7. Be3 h6 {LiveBook: 3 Games. B32: Sicilian: Löwenthal and Kalashnikov Variations} (7... Nf6 8. Bg5 Be6 9. c4 Be7 10. N1c3 O-O 11. Be2 a6 12. Na3 Nxe4 13. Bxe7 Nxc3 14. Bxd8 Nxd1 15. Bc7 Nxb2 16. Bxd6 Rfd8 {0-1 (27) Leko,P (2730)-Grischuk,A (2783) Beijing 2013}) 8. N1c3 a6 {[#]} (8... Nf6 $1 $11 {remains equal.}) 9. Na3 (9. Nd5 $1 $16 axb5 10. Bb6) 9... b5 {White is slightly better.} 10. Nd5 Rb8 $1 11. c4 {[%cal Rc4b5]} b4 $1 {[%cal Rb4a3]} 12. Nc2 Nf6 13. Qd3 $146 ({Predecessor:} 13. Bd3 Ng4 14. Bd2 a5 15. Nce3 Nf6 16. Nxf6+ Qxf6 17. Qa4 {1-0 (40) Kansal,E (1865)-Cakmak,H (1710) Antalya 2013}) 13... Be6 14. Be2 Nd7 15. O-O Nc5 16. Bxc5 dxc5 17. Qg3 Qg5 18. Nc7+ Kd7 $1 {[%cal Rd7c7]} 19. Nxe6 (19. Nxa6 $2 Rb6 $19) 19... fxe6 20. Qb3 Bd6 21. Qa4 Rb6 22. Ne3 {Threatening Nd5!} Ke7 23. Bg4 Rhb8 24. Rad1 Nd4 25. Rd3 h5 26. Bd1 Qf4 27. Re1 Rf8 28. Rd2 g6 29. Nf1 Rd8 30. Qa5 $132 {[%mdl 2048] White is fighting back} Rc6 31. Qa4 Rb6 32. a3 bxa3 33. Qxa3 Rdb8 34. Re3 R8b7 35. Qa1 Rb8 36. Qc1 Rb4 37. Qc3 R8b6 38. Qc1 Kd8 39. Ng3 Qh6 40. Ne2 Kc7 41. Qc3 Be7 42. Nc1 Bg5 {[%mdl 64] [#] Skewer} 43. b3 Rd6 44. h4 (44. Rdd3 $17) 44... Bxe3 $19 45. fxe3 Nc6 46. Rxd6 Kxd6 47. Qd2+ Kc7 (47... Ke7 $19 {Hoping for ...Rb8.} 48. Nd3 {[%mdl 64] Double Attack} Rb8 49. Nxc5 Rd8) 48. Nd3 $15 {[%mdl 64] Double Attack} Qf8 49. Nxb4 Nxb4 (49... cxb4 $15 50. g4 hxg4) 50. Be2 Qd8 51. Qe1 Kb6 52. Qg3 Qf6 53. Qe1 Nc6 54. Bf3 Qf8 55. Qg3 Qf6 56. Qe1 Nb4 57. Qf2 Nc6 58. Qe1 Ka7 59. Kf1 Qd8 {White must now prevent ...Qd3+.} 60. Ke2 Qb6 61. Qc3 Qd8 62. Qe1 Qb6 63. Qc3 Qd8 64. Qe1 Kb6 65. g4 hxg4 66. Bxg4 Qe7 67. Kd1 Nb4 68. Ke2 Qd8 69. Kf3 Qd3 {White should prevent ...Nc2.} 70. Bxe6 $2 {[%mdl 8192]} (70. Qe2 $11 Qxb3 71. Bxe6) 70... Nc2 $19 71. Qg1 Nd4+ $1 {[%mdl 64] Double Attack} 72. Kg3 Ne2+ {[%mdl 64] Double Attack. Accuracy: White = 37%, Black = 47%.} 0-1

[Event "Lozovatsky Memorial-B 2019"]
[Site "Chelyabinsk"]
[Date "2019.01.16"]
[Round "5"]
[White "Ponomariov, Valeriy"]
[Black "Sitnikov, Anton"]
[Result "1-0"]
[WhiteElo "2378"]
[BlackElo "2410"]
[Annotator "TA"]
[PlyCount "107"]
[EventDate "2019.01.12"]
[EventType "tourn"]
[EventCountry "RUS"]
[SourceTitle "playchess.com"]
[Source "ChessBase"]
[SourceQuality "1"]

{[%evp 15,107,67,82,42,52,29,30,6,37,35,50,33,33,33,21,10,18,-14,20,10,35,0,65,2,6,0,24,34,36,34,93,80,110,114,114,149,147,143,179,166,245,254,252,246,284,265,283,298,282,281,272,225,322,319,323,318,387,350,565,393,547,450,426,265,246,274,278,266,271,264,249,245,333,343,356,358,363,356,29996,240,233,232,425,418,611,504,621,596,590,516,660,592,527,501]} 1. d4 d6 2. c4 Nd7 3. Nc3 e5 4. Nf3 g6 5. e4 Bg7 6. Be2 c6 7. O-O Nh6 8. dxe5 {A42: Modern Defence: Averbakh Variation} (8. d5 c5 9. Ng5 Nf8 10. f4 f6 11. Nf3 exf4 12. Bxf4 g5 13. Bg3 Ng6 14. Qa4+ Bd7 15. Qb3 Nf7 16. Ne1 h5 17. h3 g4 18. h4 O-O 19. Nc2 f5 20. exf5 Nxh4 21. f6 Bxf6 22. Ne4 Bg7 23. Nxd6 {½-½ (23) Lupulescu,C (2614)-Rogozenco,D (2504) Mamaia 2012}) 8... dxe5 {LiveBook: 9 Games} 9. Be3 O-O 10. Qd6 $146 {White is slightly better.} ({Predecessor:} 10. Nd2 Qe7 11. Qc2 f5 12. f3 f4 13. Bf2 g5 14. a3 Nf7 15. b4 h5 {½-½ (15) Peng,Z (2403)-Lanchava,T (2272) Rotterdam 2000}) 10... f6 11. c5 Kh8 12. Rad1 Re8 13. b4 Nf7 14. Qd2 Qe7 15. Bc4 Nf8 {[%cal Bd7f8,Bf8e6,Be6f4][%mdl 32]} 16. h3 Ne6 17. Qc2 $36 {[%mdl 2048] White is pushing.} Nf4 18. Kh2 Ng5 ({Black should play} 18... Be6 $11 19. Ne2 Bxc4 20. Qxc4 Ne6) 19. Ng1 (19. Nxg5 $14 fxg5 20. Rd6) 19... f5 $11 20. f3 Nh5 21. b5 f4 22. Bf2 Ne6 (22... Ng3 $14) 23. Rd6 $16 Nd4 {[#]} 24. Qd3 $1 Bd7 25. Nge2 {[%cal Re2d4]} Ng3 26. Nxg3 fxg3+ 27. Bxg3 b6 (27... Rad8 $142 28. bxc6 Bxc6) 28. bxc6 $18 Bxc6 {[#]} 29. Bd5 $1 {[%cal Rd5c6]} Rad8 30. Rxd8 ({Not} 30. Bxc6 Nxc6 31. Bf2 bxc5 $16) 30... Rxd8 31. cxb6 axb6 32. Bxc6 Nxc6 33. Qb5 Nd4 (33... Qc5 $142) 34. Qxb6 Rc8 35. Nd5 Qa3 36. Rf2 Qc1 $2 (36... Ra8 {was called for.} 37. Rb2 h6) 37. Qd6 Qa1 38. Qa6 Rf8 39. Qf1 Qxf1 40. Rxf1 Ra8 41. Rf2 Kg8 42. Rb2 Ra7 43. Ne3 Kf7 44. Nc4 Ke6 45. Rb6+ Ke7 46. Nxe5 {Intending Bh4+ and mate.} Rxa2 $2 (46... Ra8 $18 47. a3 Kf8) 47. Nc6+ $2 (47. Bh4+ {mates} g5 48. Bxg5+ Bf6 49. Bxf6+ Kf8 50. Rb8#) 47... Nxc6 48. Rxc6 {[%mdl 4096] Endgame KRB-KRB} g5 $2 (48... Kf7 49. Rc7+ Kg8) 49. Rc7+ Kf6 (49... Kf8 $142 50. Bd6+ Kg8) 50. h4 {White is clearly winning.} gxh4 {[#]} 51. Be5+ $1 {[%mdl 576] Deflection} Kxe5 52. Rxg7 h3 53. Kxh3 Ra1 54. Kh2 {Accuracy: White = 55%, Black = 37%.} 1-0

[Event "Lozovatsky Memorial-B 2019"]
[Site "Chelyabinsk"]
[Date "2019.01.16"]
[Round "5"]
[White "Mischuk, Dmitry"]
[Black "Kholopov, Alexander A."]
[Result "1/2-1/2"]
[WhiteElo "2357"]
[BlackElo "2211"]
[Annotator "TA"]
[PlyCount "92"]
[EventDate "2019.01.12"]
[EventType "tourn"]
[EventCountry "RUS"]
[SourceTitle "playchess.com"]
[Source "ChessBase"]
[SourceQuality "1"]

{[%evp 13,92,63,81,39,39,1,29,-3,-6,-10,52,44,32,-15,-24,-40,-20,-75,-6,-8,0,0,18,13,44,31,35,31,34,42,46,35,50,56,57,42,48,32,54,39,37,11,12,15,14,0,15,15,10,-9,-11,-53,-41,-38,-45,-98,-83,-87,-32,-35,-41,-24,-27,-26,-43,-45,-12,-59,0,0,0,0,0,0,0,0,0,0,0,0,0]} 1. e4 c5 2. Nf3 Nc6 3. Bb5 Qb6 4. Nc3 e6 5. Bxc6 Qxc6 6. d4 {[%cal Bd2d4,Bd4d5][%mdl 32] B30: Sicilian: 2...Nc6 3 Bb5, lines without ...g6} b5 (6... cxd4 7. Nxd4 Qc7 8. Ndb5 Qb8 9. Be3 a6 10. Bb6 axb5 11. Nxb5 Bb4+ 12. c3 Ba5 13. Bxa5 Rxa5 {1-0 (27) Kryvoruchko,Y (2703)-Tabatabaei,M (2605) Dubai 2018}) 7. d5 Qb7 {LiveBook: 3 Games} 8. Bg5 $146 {White is better.} ({Predecessor:} 8. O-O b4 9. Ne2 Nf6 10. Ng3 d6 11. Bg5 Be7 12. dxe6 Bxe6 13. Bxf6 Bxf6 14. Qxd6 {0-1 (31) Manik,M (2394)-Michalik,P (2557) Prievidza 2014}) 8... b4 9. Ne2 d6 10. O-O h6 $1 {[%cal Rh6g5]} 11. Bh4 exd5 (11... g5 $11 12. Bg3 exd5) 12. exd5 $14 Be7 13. Bxe7 Nxe7 14. c4 bxc3 15. Nxc3 (15. bxc3 $11 O-O 16. c4) 15... O-O (15... Qxb2 $17 16. Qa4+ Bd7) 16. b3 $11 Qb4 17. Rc1 Bf5 18. Nd2 Qd4 19. Nc4 Rfd8 20. Re1 Qxd1 21. Rcxd1 Kf8 22. f3 Rab8 23. Kf2 h5 24. Rd2 Nc8 25. g3 Re8 26. Rxe8+ (26. Ne4 {is interesting.} Rd8 27. Na5 Rd7 28. Rde2 Bxe4 29. fxe4 f6 30. Ke3) 26... Kxe8 27. Ke3 Kd7 28. Kf4 Bg6 29. g4 Rb4 30. gxh5 Bxh5 {Black wants to play ...Nb6.} 31. Kg5 Bg6 32. f4 Nb6 33. Nxb6+ axb6 $15 {[%mdl 4096] Endgame KRB-KRN} 34. Rf2 (34. h4 $15) 34... Bd3 $17 35. f5 Rd4 (35... Ke7 $17 {White must now prevent ...f6+.} 36. f6+ gxf6+ 37. Rxf6 b5) 36. f6 $15 gxf6+ $1 37. Kxf6 b5 38. a3 b4 39. axb4 cxb4 40. Na4 Bg6 (40... Ke8 $15 41. Rf3 Bg6) 41. Rf1 $11 {The position is equal.} Kd8 42. Rc1 Rxd5 {[#] And now ...Rf5+ would win.} 43. Rc8+ $1 {[%mdl 512]} Kxc8 44. Nb6+ Kd8 45. Nxd5 Bc2 46. Nxb4 Bxb3 {Precision: White = 52%, Black = 54%.} 1/2-1/2